The Fund's Financing Role : Reform Proposals on Liquidity and Emergency Assistance.

The possible global repercussions from the ongoing turmoil in the Euro Area and recent calls for enhanced emergency assistance in the Middle East and North African region are reminders of the urgent need for a more effective global financial safety net to deal with increased interconnectedness and v...

সম্পূর্ণ বিবরণ

গ্রন্থ-পঞ্জীর বিবরন
সংস্থা লেখক: International Monetary Fund
বিন্যাস: পত্রিকা
ভাষা:English
প্রকাশিত: Washington, D.C. : International Monetary Fund, 2011.
মালা:Policy Papers; Policy Paper ; No. 2011/088
অনলাইন ব্যবহার করুন:Full text available on IMF
LEADER 02101cas a2200241 a 4500
001 AALejournalIMF020040
008 230101c9999 xx r poo 0 0eng d
020 |c 5.00 USD 
020 |z 9781498338332 
022 |a 2663-3493 
040 |a BD-DhAAL  |c BD-DhAAL 
110 2 |a International Monetary Fund. 
245 1 4 |a The Fund's Financing Role :   |b Reform Proposals on Liquidity and Emergency Assistance. 
264 1 |a Washington, D.C. :  |b International Monetary Fund,  |c 2011. 
300 |a 1 online resource (20 pages) 
490 1 |a Policy Papers 
500 |a <strong>Off-Campus Access:</strong> No User ID or Password Required 
500 |a <strong>On-Campus Access:</strong> No User ID or Password Required 
506 |a Electronic access restricted to authorized BRAC University faculty, staff and students 
520 3 |a The possible global repercussions from the ongoing turmoil in the Euro Area and recent calls for enhanced emergency assistance in the Middle East and North African region are reminders of the urgent need for a more effective global financial safety net to deal with increased interconnectedness and volatility. Past work by staff identified gaps in the Fund's lending toolkit to respond to liquidity needs of members with relatively strong fundamentals affected during systemic crises (the crisis bystanders), and to address urgent financing needs arising in a broader range of circumstances than natural disasters and post-conflict situations. The companion paper on the Review of the Flexible Credit Line (FCL) and Precautionary Credit Line (PCL) also identified gaps in the overall flexibility of the financing toolkit. This paper provides proposals to fill these gaps, while preserving the simplicity and coherence of the lending framework, and balancing members' financing needs against the need for adequate safeguards for the use of Fund resources. 
538 |a Mode of access: Internet 
830 0 |a Policy Papers; Policy Paper ;  |v No. 2011/088 
856 4 0 |z Full text available on IMF  |u http://elibrary.imf.org/view/journals/007/2011/088/007.2011.issue-088-en.xml  |z IMF e-Library